000 00416nam a22001571a 4500
082 _aH 294.592 18
_bYAD/O
100 _aYaad Kumar Varma
245 _aOm poornamadh (Saachidanandaswarupa parabrahma)/
_cby Yaad Kumar Varma
260 _aNew Delhi:
_bAlankrita prakashan,
_c2007.
300 _a570p.
650 _aUpanishad
650 _aVedic Literature
650 _aHinduism
650 _aReligion
942 _cBK
999 _c32139
_d32139